Big Billion Startup (Record no. 350712)

MARC details
000 -LEADER
fixed length control field 00465nam a2200169Ia 4500
008 - FIXED-LENGTH DATA ELEMENTS--GENERAL INFORMATION
fixed length control field 230718s9999 xx 000 0 und d
020 ## - INTERNATIONAL STANDARD BOOK NUMBER
International Standard Book Number 9789389109146
041 ## - LANGUAGE CODE
Language code of text/sound track or separate title eng
082 ## - DEWEY DECIMAL CLASSIFICATION NUMBER
Classification number 658.4'2
Item number DAL
100 ## - MAIN ENTRY--PERSONAL NAME
Personal name Dalal M.
9 (RLIN) 201873
245 ## - TITLE STATEMENT
Title Big Billion Startup
Remainder of title The Untold Flipkart Story
260 ## - PUBLICATION, DISTRIBUTION, ETC. (IMPRINT)
Date of publication, distribution, etc. 2019
Name of publisher, distributor, etc. Macmillan
300 ## - PHYSICAL DESCRIPTION
Extent 310
365 ## - TRADE PRICE
Currency code Rs.
Price amount 699.00
700 ## - ADDED ENTRY--PERSONAL NAME
Personal name Dalal M.
9 (RLIN) 201873
906 ## - LOCAL DATA ELEMENT F, LDF (RLIN)
d O:0681120-Dec-2019B:555002-Dec-2019
c GENRL
b 174.75
Holdings
Withdrawn status Lost status Damaged status Not for loan Home library Current library Date acquired Vendor Budget Code Cost, normal purchase price Bill number Total Checkouts Full call number Barcode Date last seen Discount Cost, replacement price Bill Date Koha item type Original Barcode
        Cummins College of Engineering for Women Pune Cummins College of Engineering for Women Pune 20/12/2019 Technical Book Services GENRL 524.25 5550   658.4'2 CCEP-BK-61919 18/07/2023 174.75 699.00 02/12/2019 Books 061919